Digital control applications illustrated with MATLAB® / (Record no. 593953)

000 -LEADER
fixed length control field 01942cam a22003617i 4500
001 - CONTROL NUMBER
control field 18610486
005 - DATE AND TIME OF LATEST TRANSACTION
control field 20230321123816.0
008 - FIXED-LENGTH DATA ELEMENTS--GENERAL INFORMATION
fixed length control field 150509s2015 fluaf b 001 0 eng d
010 ## - LIBRARY OF CONGRESS CONTROL NUMBER
LC control number 2015297035
020 ## - INTERNATIONAL STANDARD BOOK NUMBER
International Standard Book Number 9781482236699
020 ## - INTERNATIONAL STANDARD BOOK NUMBER
International Standard Book Number 1482236699
035 ## - SYSTEM CONTROL NUMBER
System control number (OCoLC)ocn889181693
040 ## - CATALOGING SOURCE
Original cataloging agency BTCTA
Language of cataloging eng
Transcribing agency BTCTA
Description conventions rda
Modifying agency YDXCP
-- BDX
-- IXA
-- TXI
-- DLC
042 ## - AUTHENTICATION CODE
Authentication code lccopycat
050 00 - LIBRARY OF CONGRESS CALL NUMBER
Classification number TJ223.M53
Item number S46 2015
082 00 - DEWEY DECIMAL CLASSIFICATION NUMBER
Classification number 629.89
Edition number 23
Author Mark SHE
100 1# - MAIN ENTRY--PERSONAL NAME
Personal name Shertukde, Hemchandra Madhusudan,
Relator term author.
9 (RLIN) 110850
245 10 - TITLE STATEMENT
Title Digital control applications illustrated with MATLAB® /
Statement of responsibility, etc. Hemchandra Madhusudan Shertukde, University of Hartford, CT, USA.
264 #1 - PRODUCTION, PUBLICATION, DISTRIBUTION, MANUFACTURE, AND COPYRIGHT NOTICE
Place of production, publication, distribution, manufacture Boca Raton, Florida :
Name of producer, publisher, distributor, manufacturer CRC Press, Taylor & Francis Group,
Date of production, publication, distribution, manufacture, or copyright notice [2015]
300 ## - PHYSICAL DESCRIPTION
Extent xvii, 365 pages, [8] pages of plates :
Other physical details illustrations (some color) ;
Dimensions 27 cm
336 ## - CONTENT TYPE
Content type term text
Content type code txt
Source rdacontent
336 ## - CONTENT TYPE
Content type term still image
Content type code sti
Source rdacontent
337 ## - MEDIA TYPE
Media type term unmediated
Media type code n
Source rdamedia
338 ## - CARRIER TYPE
Carrier type term volume
Carrier type code nc
Source rdacarrier
504 ## - BIBLIOGRAPHY, ETC. NOTE
Bibliography, etc. note Includes bibliographical references (pages 315-319) and index.
505 0# - FORMATTED CONTENTS NOTE
Formatted contents note Digital control introduction and overview -- Mathematical models of discrete systems -- Performance criteria and the design process -- Compensator design via discrete equivalent -- Compensator design via direct methods -- State-variable feedback design methods -- Advanced design methods -- Estimation of system state -- Implementation issues in digital control.
520 ## - SUMMARY, ETC.
Summary, etc. "Covers the modeling, analysis, and design of linear discrete control systems. Illustrating all topics using the micro-computer implementation of digital controllers aided by MATLAB®, Simulink®, and FEEDBACK®"--Back cover.
650 #0 - SUBJECT ADDED ENTRY--TOPICAL TERM
Topical term or geographic name entry element Digital control systems.
650 #0 - SUBJECT ADDED ENTRY--TOPICAL TERM
Topical term or geographic name entry element Digital control systems
General subdivision Design.
9 (RLIN) 84937
906 ## - LOCAL DATA ELEMENT F, LDF (RLIN)
a 7
b cbc
c copycat
d 2
e ncip
f 20
g y-gencatlg
942 ## - ADDED ENTRY ELEMENTS (KOHA)
Source of classification or shelving scheme
Koha item type Book
Holdings
Withdrawn status Lost status Source of classification or shelving scheme Damaged status Not for loan Permanent Location Current Location Shelving location Date acquired Total Checkouts Full call number Barcode Date last seen Price effective from Koha item type
          School of Mechanical & Manufacturing Engineering (SMME) School of Mechanical & Manufacturing Engineering (SMME) General Stacks 03/21/2023   629.89 SHE SMME-4159 03/21/2023 03/21/2023 Book
© 2023 Central Library, National University of Sciences and Technology. All Rights Reserved.